000 01292nas1a22003851 4500
001 RU\NLR\INFOCOMM10\1000256682
005 20250807185513.0
035 _a(NLR Aleph) 002569521
090 _a955
_c955
100 _a20250807 rusy50
101 0 _arus
102 _aRU
110 _azyu||||0|y0
200 1 _aОбзор инженерных мероприятий противника
_fШтаб. инж. войск Красной Армии
207 1 _aВып.2-17
210 _aМ.
_cВоениздат НКО СССР
_d1942-1945
333 _aОгранич. пользования
712 0 1 _aСССР
_bШтаб инженерных войск Красной Армии
_4570
801 1 _aRU
_bInfoComm
_c20040528
801 0 _aRU
_bNLR
_gPSBO
852 _aNLR
_jП10/1941
942 _cSE
945 _aРоссийская национальная библиотека
980 _aNB
980 _aBV
980 _aRUSPER